[Event "CHN Team Men 2016"]
[Site "Wuxi CHN"]
[Date "2016.08.01"]
[Round "6.1"]
[Board "3"]
[White "Liu, Guanchu"]
[Black "Lin, Chen"]
[Result "1/2-1/2"]
[WhiteTitle "IM"]
[BlackTitle "GM"]
[WhiteElo "2366"]
[BlackElo "2519"]
[WhiteTeam "Chengdu"]
[BlackTeam "Jiangsu Lvyang"]
[WhiteFideId "8603901"]
[BlackFideId "8602298"]
[EventDate "2016.07.28"]

1. e4 e5 2. Nf3 Nc6 3. Nc3 Nf6 4. Bb5 Bc5 5. O-O O-O 6. Nxe5 Nxe5 7. d4 Bd6 8.
f4 Nc6 9. e5 Bb4 10. d5 Bxc3 11. bxc3 Nxd5 12. Qxd5 d6 13. Bxc6 bxc6 14. Qxc6
Bd7 15. Qf3 dxe5 16. fxe5 Qe7 17. Qg3 Rfe8 18. Bf4 Qc5+ 19. Rf2 Re6 20. Rd1 Bc6
21. Qd3 h6 22. Qd4 Qa3 23. Qc4 Qa4 24. Rd4 Qxc4 25. Rxc4 Rb8 26. Rb4 Rd8 27. Rd4
Rb8 28. Rb4 Rd8 29. Rd4 Rb8 30. Rb4 Rd8 1/2-1/2

[Event "CHN Team Men 2016"]
[Site "Wuxi CHN"]
[Date "2016.08.01"]
[Round "6.1"]
[Board "4"]
[White "Yu, Ruiyuan"]
[Black "Zhao, Yuanhe"]
[Result "1-0"]
[WhiteTitle "GM"]
[WhiteElo "2501"]
[BlackElo "2328"]
[WhiteTeam "Jiangsu Lvyang"]
[BlackTeam "Chengdu"]
[WhiteFideId "8603090"]
[BlackFideId "8609497"]
[EventDate "2016.07.28"]

1. e4 e5 2. Nf3 Nf6 3. d4 Nxe4 4. Bd3 d5 5. Nxe5 Nd7 6. Nxd7 Bxd7 7. O-O Bd6 8.
c4 c6 9. cxd5 cxd5 10. Nc3 Nxc3 11. bxc3 O-O 12. Qh5 g6 13. Qxd5 Qc7 14. Bh6
Rfd8 15. Qf3 Qxc3 16. Qf6 Bf8 17. Bxf8 Rxf8 18. Be4 Rac8 19. Bxb7 Rc4 20. Bd5
Qxd4 21. Qd6 Ba4 22. Rac1 Qf4 23. Qxf8+ Kxf8 24. Rxc4 Qd6 25. Rxa4 Qxd5 26. Rxa7
h5 27. h4 Qd4 28. Ra8+ Kg7 29. g3 f6 30. Re1 g5 31. hxg5 fxg5 32. Ra5 Kf6 33.
Ree5 Qa1+ 34. Kg2 h4 35. Reb5 Ke7 36. Ra6 1-0

[Event "CHN Team Men 2016"]
[Site "Wuxi CHN"]
[Date "2016.08.01"]
[Round "6.2"]
[Board "2"]
[White "Zhao, Jun"]
[Black "Lou, Yiping"]
[Result "1/2-1/2"]
[WhiteTitle "GM"]
[BlackTitle "IM"]
[WhiteElo "2622"]
[BlackElo "2448"]
[WhiteTeam "Shandong"]
[BlackTeam "Shanghai"]
[WhiteFideId "8602522"]
[BlackFideId "8603928"]
[EventDate "2016.07.28"]

1. Nf3 Nf6 2. d4 g6 3. Bf4 d6 4. h3 Bg7 5. e3 O-O 6. Be2 c5 7. c3 Qb6 8. Qb3 Be6
9. Qxb6 axb6 10. a3 Nc6 11. Nbd2 Na5 12. O-O Nb3 13. Rad1 Rfc8 14. Rfe1 h6 15.
Bh2 Nxd2 16. Nxd2 Kf8 17. Bd3 d5 18. g4 Bd7 19. Nf3 Ba4 20. Rd2 Ne4 21. Rde2 Ng5
22. Kg2 Nxf3 23. Kxf3 Bc6 24. Rd2 Re8 25. Ke2 e5 26. Bxe5 Bxe5 27. dxe5 Rxe5 28.
Kf1 Rae8 29. Red1 h5 30. Be2 hxg4 31. hxg4 Ba4 32. Rb1 Bb3 33. Bd1 Ba2 34. Ra1
Bc4+ 35. Kg2 1/2-1/2

[Event "CHN Team Men 2016"]
[Site "Wuxi CHN"]
[Date "2016.08.01"]
[Round "6.2"]
[Board "3"]
[White "Xu, Yi"]
[Black "Wen, Yang"]
[Result "0-1"]
[WhiteTitle "FM"]
[BlackTitle "GM"]
[WhiteElo "2396"]
[BlackElo "2611"]
[WhiteTeam "Shanghai"]
[BlackTeam "Shandong"]
[WhiteFideId "8605564"]
[BlackFideId "8602956"]
[EventDate "2016.07.28"]

1. e4 e5 2. Nf3 Nc6 3. Bc4 Nf6 4. d3 Be7 5. O-O O-O 6. Re1 d6 7. a4 Kh8 8. a5 a6
9. c3 h6 10. Qb3 Qe8 11. d4 Nh7 12. Be3 f5 13. exf5 e4 14. Nfd2 Bxf5 15. Be6 Qg6
16. Bxf5 Qxf5 17. Qxb7 Bg5 18. Rf1 Qd7 19. Qb3 Rab8 20. Qc2 d5 21. b4 Ne7 22.
Na3 Nf5 23. Rae1 Rf6 24. Qd1 Rbf8 25. Nc2 Nh4 26. Qh5 Rf5 27. Qd1 Bf4 28. Bxf4
Rxf4 29. f3 Ng5 30. Kh1 exf3 31. Nxf3 Ngxf3 32. gxf3 Qh3 33. Ne3 Nxf3 34. Re2
Nxh2 0-1

[Event "CHN Team Men 2016"]
[Site "Wuxi CHN"]
[Date "2016.08.01"]
[Round "6.2"]
[Board "4"]
[White "Liu, Qingnan"]
[Black "Zhou, Junfeng"]
[Result "1-0"]
[WhiteTitle "GM"]
[WhiteElo "2507"]
[BlackElo "2022"]
[WhiteTeam "Shandong"]
[BlackTeam "Shanghai"]
[WhiteFideId "8603294"]
[BlackFideId "8615330"]
[EventDate "2016.07.28"]

1. e4 c5 2. Nf3 Nc6 3. Bb5 d6 4. O-O Bd7 5. c3 a6 6. Bxc6 Bxc6 7. Re1 Nf6 8. d4
cxd4 9. cxd4 Bxe4 10. Nc3 Bf5 11. Bg5 e6 12. d5 Be7 13. Nd4 O-O 14. dxe6 Bxe6
15. Nxe6 fxe6 16. Rxe6 Qd7 17. Qb3 Kh8 18. Rae1 Rae8 19. Qa4 b5 20. Qxa6 b4 21.
Qb5 bxc3 22. Qxd7 Nxd7 23. Rxe7 Rxe7 24. Bxe7 Rc8 25. bxc3 d5 26. Bb4 Kg8 27. a4
Nb6 28. a5 Na4 29. a6 Ra8 30. Re6 Kf7 31. Rd6 Nb2 32. Rd7+ Ke6 33. Re7+ Kf6 34.
a7 Nd3 35. Bd6 Nf4 36. g3 Ne6 37. Rb7 Kf5 38. Kg2 1-0

[Event "CHN Team Men 2016"]
[Site "Wuxi CHN"]
[Date "2016.08.01"]
[Round "6.3"]
[Board "2"]
[White "Mu, Ke"]
[Black "Yu, Yangyi"]
[Result "0-1"]
[BlackTitle "GM"]
[WhiteElo "2425"]
[BlackElo "2734"]
[WhiteTeam "Qingdao"]
[BlackTeam "Beijing Beiao"]
[WhiteFideId "8602778"]
[BlackFideId "8603820"]
[EventDate "2016.07.28"]

1. d4 Nf6 2. c4 e6 3. Nf3 d5 4. Nc3 Nbd7 5. Bf4 Bb4 6. e3 O-O 7. Be2 dxc4 8.
Bxc4 Nb6 9. Qb3 Nfd5 10. Bg5 f6 11. Bh4 a5 12. Bxd5 exd5 13. O-O Kh8 14. a3 Be7
15. Bg3 c6 16. Rfe1 Bf5 17. Nh4 Bg4 18. h3 Bh5 19. Nf5 a4 20. Qa2 Bg6 21. Nxe7
Qxe7 22. Rad1 Qf7 23. b3 Rfe8 24. Ra1 Ra6 25. Nxa4 Nxa4 26. bxa4 Rxa4 27. Qb3
Rea8 28. Bd6 Rc4 29. a4 Qd7 30. Bg3 Bc2 31. Qb2 Qe7 32. a5 Qb4 33. Qxb4 Rxb4 34.
Ra2 Bd3 35. Ra3 Bb5 36. Bd6 Rc4 37. Bc5 Re8 38. Raa1 g5 39. Ra2 Kg7 40. g4 Rc3
41. Kg2 Kg6 42. Kg3 h5 43. gxh5+ Kxh5 44. Kg2 f5 45. Raa1 Bd3 46. Rec1 Rb3 47.
Ra2 f4 48. Re1 Be4+ 49. Kh2 Bf3 50. Bd6 fxe3 51. fxe3 Re6 52. Bg3 Rexe3 53. Rxe3
Rxe3 54. Bd6 Rb3 55. Ra3 Rb2+ 56. Kg1 Be4 57. Bg3 Rd2 58. Bf2 Rb2 59. a6 bxa6
60. Rxa6 Rb7 61. Kh2 g4 62. Ra2 0-1

[Event "CHN Team Men 2016"]
[Site "Wuxi CHN"]
[Date "2016.08.01"]
[Round "6.3"]
[Board "3"]
[White "Xiu, Deshun"]
[Black "Wang, Tongsen"]
[Result "1-0"]
[WhiteTitle "GM"]
[WhiteElo "2557"]
[BlackElo "2309"]
[WhiteTeam "Beijing Beiao"]
[BlackTeam "Qingdao"]
[WhiteFideId "8603693"]
[BlackFideId "8608067"]
[EventDate "2016.07.28"]

1. d4 d5 2. c4 c6 3. Nf3 Nf6 4. Nc3 e6 5. g3 dxc4 6. Bg2 b5 7. Ne5 Nd5 8. e4
Nxc3 9. bxc3 Be7 10. O-O O-O 11. a4 f6 12. Ng4 b4 13. d5 bxc3 14. Ne3 e5 15.
Nxc4 Ba6 16. Qb3 Bc5 17. Rd1 Bd4 18. dxc6 Kh8 19. Ba3 Nxc6 20. Bxf8 Qxf8 21. Ne3
Rb8 22. Qa3 Qxa3 23. Rxa3 Rb2 24. Rc1 Nb4 25. Raxc3 Bxc3 26. Rxc3 Rb1+ 27. Bf1
h6 28. Kg2 Bxf1+ 29. Nxf1 Ra1 30. Ne3 Rxa4 31. Nf5 Na6 32. f3 Rb4 33. g4 Kh7 34.
h4 g6 35. Ne3 Rb6 36. Nd5 Rd6 37. Rc8 Kg7 38. Kg3 f5 39. gxf5 gxf5 40. Ne7 f4+
41. Kg4 Rd7 42. Nd5 Rf7 43. h5 Rf8 44. Rc6 Nb8 45. Rg6+ Kh7 46. Nf6+ Rxf6 47.
Rxf6 Kg7 48. Rg6+ Kh7 49. Re6 1-0

[Event "CHN Team Men 2016"]
[Site "Wuxi CHN"]
[Date "2016.08.01"]
[Round "6.3"]
[Board "4"]
[White "Xu, Zhihang"]
[Black "An, Yanlong"]
[Result "1-0"]
[WhiteElo "2206"]
[BlackElo "2251"]
[WhiteTeam "Qingdao"]
[BlackTeam "Beijing Beiao"]
[WhiteFideId "8611572"]
[BlackFideId "8615675"]
[EventDate "2016.07.28"]

1. Nf3 Nf6 2. c4 g6 3. b3 Bg7 4. Bb2 O-O 5. g3 c5 6. Bg2 Nc6 7. O-O d6 8. d4 a6
9. Nc3 cxd4 10. Nxd4 Bd7 11. Nc2 Rc8 12. Ne3 Re8 13. h3 Na5 14. Qd2 b5 15. cxb5
axb5 16. Ncd5 Nxd5 17. Nxd5 Bxb2 18. Qxb2 Bc6 19. Rfd1 Qd7 20. Qd2 Qa7 21. Rac1
Ba8 22. h4 h5 23. Qg5 Bxd5 24. Bxd5 e6 25. Bf3 d5 26. Bxh5 Nc6 27. Bg4 Qxa2 28.
h5 Kg7 29. h6+ Kh7 30. Qf6 Kxh6 31. Kg2 1-0

[Event "CHN Team Men 2016"]
[Site "Wuxi CHN"]
[Date "2016.08.01"]
[Round "6.4"]
[Board "2"]
[White "Xu, Minghui"]
[Black "Chu, Wei Chao"]
[Result "1/2-1/2"]
[BlackTitle "IM"]
[WhiteElo "2305"]
[BlackElo "2309"]
[WhiteTeam "Zhejiang Feiao"]
[BlackTeam "Tianjing Chunhua"]
[WhiteFideId "8606790"]
[BlackFideId "8605661"]
[EventDate "2016.07.28"]

1. Nf3 c5 2. c4 Nf6 3. Nc3 g6 4. e4 Bg7 5. d4 cxd4 6. Nxd4 Nc6 7. Be3 Qa5 8. Bd3
d6 9. h3 O-O 10. Nxc6 bxc6 11. O-O Nd7 12. Rc1 Ne5 13. Be2 Ba6 14. c5 dxc5 15.
Bxa6 Qxa6 16. Na4 Nc4 17. Qe2 Qxa4 18. b3 Qb5 19. Qxc4 Bd4 20. Bxd4 cxd4 21.
Qxd4 Rfd8 22. Qc5 Rd2 23. Qxc6 Qxc6 24. Rxc6 Rxa2 25. Rfc1 Rb2 26. Rc8+ Rxc8 27.
Rxc8+ Kg7 28. Ra8 Rxb3 29. Rxa7 Kf6 30. Ra6+ e6 1/2-1/2

[Event "CHN Team Men 2016"]
[Site "Wuxi CHN"]
[Date "2016.08.01"]
[Round "6.4"]
[Board "3"]
[White "Li, Yankai"]
[Black "Lan, Zilun"]
[Result "1/2-1/2"]
[WhiteElo "2234"]
[BlackElo "2250"]
[WhiteTeam "Tianjing Chunhua"]
[BlackTeam "Zhejiang Feiao"]
[WhiteFideId "8609357"]
[BlackFideId "8604193"]
[EventDate "2016.07.28"]

1. e4 c6 2. d4 d5 3. e5 Bf5 4. h4 h6 5. g4 Bd7 6. Nc3 e6 7. Be3 h5 8. gxh5 Nh6
9. f4 Qa5 10. Bh3 c5 11. Nf3 Nc6 12. Qd2 c4 13. a3 Ne7 14. Ne2 Qb6 15. Kf2 Nhf5
16. Bg4 Nh6 17. Bh3 Nhf5 18. Bg4 Nh6 19. Bh3 Nhf5 1/2-1/2

[Event "CHN Team Men 2016"]
[Site "Wuxi CHN"]
[Date "2016.08.01"]
[Round "6.4"]
[Board "4"]
[White "Peng, Shunkai"]
[Black "Zhao, Zhouqiao CHN"]
[Result "0-1"]
[WhiteTitle "CM"]
[BlackTitle "FM"]
[WhiteElo "1944"]
[BlackElo "2204"]
[WhiteTeam "Zhejiang Feiao"]
[BlackTeam "Tianjing Chunhua"]
[WhiteFideId "8614601"]
[BlackFideId "8608342"]
[EventDate "2016.07.28"]

1. e4 e5 2. Nf3 Nc6 3. Bb5 Nf6 4. d3 d6 5. c3 Bd7 6. O-O g6 7. Re1 Bg7 8. h3 O-O
9. d4 Re8 10. Nbd2 Nxd4 11. cxd4 Bxb5 12. Qb3 Ba6 13. dxe5 dxe5 14. Nc4 Bxc4 15.
Qxc4 Qe7 16. Be3 c6 17. a4 Bf8 18. Bd2 Nd7 19. Rac1 Qe6 20. Qc2 h6 21. Be3 Nf6
22. Red1 Kh7 23. a5 a6 24. Nd2 Red8 25. Nc4 Be7 26. b3 h5 27. Bb6 Rxd1+ 28. Rxd1
Nd7 29. Be3 Rd8 30. Rd3 Nf8 31. Rxd8 Bxd8 32. Qd2 Be7 33. Ba7 Nd7 34. Qc3 Kg8
35. Qd2 Kg7 36. Be3 Bc5 37. Bh6+ Kh7 38. Be3 Bxe3 39. Qxe3 Qe7 40. Qf3 Kg7 41.
Kh2 Qf6 42. Qe3 Qf4+ 43. Qxf4 exf4 44. b4 c5 45. b5 axb5 46. Nd6 b4 47. Kg1 b3
48. Nc4 Ne5 49. Nd2 b2 50. Kf1 Nc4 51. Nb1 Nxa5 52. Ke2 b5 53. Kd3 Nc4 54. Kc2
b4 55. Kb3 Na3 0-1

[Event "CHN Team Men 2016"]
[Site "Wuxi CHN"]
[Date "2016.08.01"]
[Round "6.5"]
[Board "2"]
[White "Xu, Yinglun"]
[Black "Wu, Hao"]
[Result "1-0"]
[WhiteElo "2522"]
[BlackElo "1600"]
[WhiteTeam "Guangdong"]
[BlackTeam "Shanxi Huxiaoling"]
[WhiteFideId "8604940"]
[BlackFideId "8616450"]
[EventDate "2016.07.28"]

1. d4 d5 2. Nf3 Nf6 3. Bf4 Bf5 4. c4 c6 5. Nc3 e6 6. Nh4 Bg6 7. Nxg6 hxg6 8. e3
Bd6 9. Bxd6 Qxd6 10. Qb3 Qe7 11. Be2 O-O 12. Rc1 Rd8 13. O-O b6 14. Rfd1 Nbd7
15. Qa4 c5 16. cxd5 exd5 17. Bf3 Qd6 18. Nxd5 Nxd5 19. dxc5 Nxc5 20. Qd4 Rd7 21.
Qxd5 Rad8 22. Qxd6 Rxd6 23. Kf1 Rc6 24. Rb1 a5 25. Be2 1-0

[Event "CHN Team Men 2016"]
[Site "Wuxi CHN"]
[Date "2016.08.01"]
[Round "6.5"]
[Board "3"]
[White "Lu, Kaiyan"]
[Black "Li, Shilong"]
[Result "0-1"]
[BlackTitle "GM"]
[WhiteElo "1511"]
[BlackElo "2512"]
[WhiteTeam "Shanxi Huxiaoling"]
[BlackTeam "Guangdong"]
[WhiteFideId "8610495"]
[BlackFideId "8600678"]
[EventDate "2016.07.28"]

1. e4 c5 2. Nf3 d6 3. d4 cxd4 4. Nxd4 Nf6 5. Nc3 a6 6. Be2 e6 7. O-O Be7 8. f4
O-O 9. a4 Nc6 10. Be3 Qc7 11. Kh1 Re8 12. Bf3 Bd7 13. Nb3 b6 14. g4 Bc8 15. g5
Nd7 16. Bg2 Bb7 17. Qh5 g6 18. Qh4 Nb4 19. Qf2 Bf8 20. Rad1 Rad8 21. Rd2 Nc5 22.
Nxc5 bxc5 23. Rfd1 d5 24. exd5 exd5 25. Nxd5 Nxd5 26. Bxd5 Rxd5 27. Rxd5 Qe7 28.
Bxc5 Qe4+ 29. Qg2 Bxc5 30. Qxe4 Rxe4 31. Rd8+ Re8+ 0-1

[Event "CHN Team Men 2016"]
[Site "Wuxi CHN"]
[Date "2016.08.01"]
[Round "6.6"]
[Board "2"]
[White "Wang, Rui"]
[Black "Zhao, Chenxi"]
[Result "1-0"]
[WhiteTitle "GM"]
[WhiteElo "2386"]
[BlackElo "2052"]
[WhiteTeam "Hebei Ticai"]
[BlackTeam "Shenzhen Qiyuan"]
[WhiteFideId "8601003"]
[BlackFideId "8611513"]
[EventDate "2016.07.28"]

1. c4 e5 2. Nc3 Nf6 3. g3 Bb4 4. Bg2 O-O 5. e3 c6 6. Qb3 Na6 7. Nge2 Nc5 8. Qc2
d5 9. cxd5 cxd5 10. a3 Bxc3 11. Qxc3 b6 12. d4 exd4 13. exd4 Nce4 14. Qd3 a5 15.
O-O Ba6 16. Qd1 Re8 17. Re1 Ng4 18. Bxe4 dxe4 19. Nc3 Nf6 20. Bg5 Bd3 21. d5 h6
22. Bxf6 Qxf6 23. a4 Rad8 24. Re3 Qg6 25. Qd2 f5 26. Kh1 Qd6 27. f3 Qb4 28. fxe4
fxe4 29. Qg2 Rd7 30. Rae1 Rf7 31. Rxd3 Ref8 32. Qxe4 Qxb2 33. Qe2 1-0

[Event "CHN Team Men 2016"]
[Site "Wuxi CHN"]
[Date "2016.08.01"]
[Round "6.6"]
[Board "3"]
[White "Yang, Yuhang"]
[Black "Zhang, Ziji"]
[Result "1/2-1/2"]
[WhiteElo "1834"]
[BlackElo "2313"]
[WhiteTeam "Shenzhen Qiyuan"]
[BlackTeam "Hebei Ticai"]
[WhiteFideId "8611530"]
[BlackFideId "8609470"]
[EventDate "2016.07.28"]

1. d4 d6 2. c4 e5 3. e3 Nc6 4. Nc3 g6 5. Nf3 Bg7 6. dxe5 dxe5 7. Qxd8+ Nxd8 8.
e4 c6 9. Be3 f6 10. g3 Bh6 11. Bxh6 Nxh6 12. h4 Ke7 13. Bh3 Bxh3 14. Rxh3 Ne6
15. Rh1 Rad8 16. Ke2 Nf7 17. Rhd1 f5 18. Ke3 f4+ 19. Ke2 Nd4+ 20. Nxd4 exd4 21.
Na4 fxg3 22. f4 Rhf8 23. b3 Nh6 24. Kf3 Ng8 25. Nc5 b6 26. Nd3 Nf6 27. Nb4 Rc8
28. Rxd4 a5 29. e5 axb4 30. exf6+ Rxf6 31. Kxg3 Re6 32. Rad1 Kf6 33. Rd7 Re3+
34. Kf2 Rce8 35. Rxh7 Re2+ 36. Kf1 Rxa2 37. h5 Re6 38. Rh6 Kf5 39. Rxg6 Re3 40.
Rxc6 Rxb3 41. Rxb6 Rf3+ 42. Kg1 Rg3+ 43. Kf1 Rh3 44. Kg1 b3 45. Rb1 1/2-1/2

[Event "CHN Team Men 2016"]
[Site "Wuxi CHN"]
[Date "2016.08.01"]
[Round "6.7"]
[Board "2"]
[White "Bao, Qilin"]
[Black "Yang, Bokai"]
[Result "1-0"]
[WhiteElo "2305"]
[BlackElo "1583"]
[WhiteTeam "Heilongjiang Qipai"]
[BlackTeam "Shaanxi"]
[WhiteFideId "8605750"]
[BlackFideId "8616469"]
[EventDate "2016.07.28"]

1. Nf3 d5 2. g3 g6 3. Bg2 Bg7 4. O-O e5 5. d3 Ne7 6. Nbd2 O-O 7. e4 d4 8. Nc4 b5
9. Ncd2 c5 10. a4 bxa4 11. Nc4 Nd7 12. Bd2 Ba6 13. Rxa4 Bb5 14. Ra2 Bxc4 15.
dxc4 Nb6 16. Qe2 Nc6 17. Rfa1 Qc7 18. Ra6 Rfb8 19. b3 Nd7 20. Bh3 Rb6 21. R6a4
Rb7 22. Ne1 Bf8 23. Nd3 Bd6 24. f4 a5 25. Bxd7 Qxd7 26. Bxa5 Rba7 27. Bb6 Rxa4
28. bxa4 exf4 29. gxf4 Nb4 30. e5 Nxd3 31. cxd3 Be7 32. a5 Kh8 33. Qf3 Ra6 34.
Rf1 Bd8 35. Rb1 Rxa5 36. Bxa5 Bxa5 37. f5 1-0

[Event "CHN Team Men 2016"]
[Site "Wuxi CHN"]
[Date "2016.08.01"]
[Round "6.7"]
[Board "3"]
[White "Liu, Chuming"]
[Black "Wu, Xibin"]
[Result "0-1"]
[BlackTitle "IM"]
[WhiteElo "1325"]
[BlackElo "2257"]
[WhiteTeam "Shaanxi"]
[BlackTeam "Heilongjiang Qipai"]
[WhiteFideId "8616477"]
[BlackFideId "8600309"]
[EventDate "2016.07.28"]

1. d4 g6 2. c4 Bg7 3. e4 d6 4. Nc3 Nc6 5. Be3 e5 6. d5 Nce7 7. c5 f5 8. f3 Nf6
9. Bb5+ Kf7 10. Nge2 f4 11. Bf2 g5 12. h3 h5 13. Qd3 g4 14. hxg4 hxg4 15. O-O-O
g3 16. Rxh8 Qxh8 17. Be1 Qh2 18. Rd2 Bf8 19. cxd6 cxd6 20. Kd1 Ng6 21. Nc1 Be7
22. Qc2 a6 23. Bf1 Bd7 24. b4 Rc8 25. Qb1 Nh4 26. b5 a5 27. Na4 Qh1 28. Bd3 Bh3
29. Nb6 0-1

[Event "CHN Team Men 2016"]
[Site "Wuxi CHN"]
[Date "2016.08.02"]
[Round "7.1"]
[Board "2"]
[White "Chu, Wei Chao"]
[Black "Xu, Jun"]
[Result "1/2-1/2"]
[WhiteTitle "IM"]
[BlackTitle "GM"]
[WhiteElo "2309"]
[BlackElo "2534"]
[WhiteTeam "Tianjing Chunhua"]
[BlackTeam "Jiangsu Lvyang"]
[WhiteFideId "8605661"]
[BlackFideId "8600031"]
[EventDate "2016.07.28"]

1. d4 Nf6 2. c4 e6 3. g3 c5 4. d5 exd5 5. cxd5 d6 6. Nc3 g6 7. Nf3 Bg7 8. Bg2
O-O 9. O-O Re8 10. Nd2 Nbd7 11. h3 h6 12. a4 g5 13. Nc4 Nb6 14. Ne3 a5 15. Qc2
Bd7 16. Nf5 Bxf5 17. Qxf5 Nc8 18. Qc2 Ne7 19. Bd2 Ng6 20. e4 g4 21. hxg4 Nxg4
22. Nb5 Bd4 23. Bc3 Bxc3 24. Qxc3 h5 25. Rfe1 b6 26. Bh3 Nf6 27. Bf5 h4 28. gxh4
Nh5 29. f4 Qxh4 30. Re2 Ngxf4 31. Rh2 Qg5+ 32. Kf2 Ng6 33. Rg2 Qh6 34. Rh1 Rad8
35. Kg1 Re7 36. Rh3 Kf8 37. Qf3 Qf4 1/2-1/2

[Event "CHN Team Men 2016"]
[Site "Wuxi CHN"]
[Date "2016.08.02"]
[Round "7.1"]
[Board "3"]
[White "Lin, Chen"]
[Black "Li, Yankai"]
[Result "1-0"]
[WhiteTitle "GM"]
[WhiteElo "2519"]
[BlackElo "2234"]
[WhiteTeam "Jiangsu Lvyang"]
[BlackTeam "Tianjing Chunhua"]
[WhiteFideId "8602298"]
[BlackFideId "8609357"]
[EventDate "2016.07.28"]

1. e4 c5 2. Nf3 d6 3. Nc3 Nf6 4. d4 cxd4 5. Nxd4 a6 6. Bc4 e6 7. O-O Be7 8. Bb3
O-O 9. f4 Nc6 10. Kh1 Bd7 11. f5 Nxd4 12. Qxd4 e5 13. Qd3 h6 14. Be3 Bc6 15. Bf2
b5 16. Bh4 b4 17. Bxf6 Bxf6 18. Nd5 Bxd5 19. Bxd5 Rc8 20. a3 bxa3 21. Rxa3 a5
22. c3 Bg5 23. Rfa1 Qb6 24. Rb3 Qf2 25. Rb7 Bd8 26. Qa6 Rc7 27. Rb8 Be7 28. Rb6
a4 29. Rf1 Qe3 30. Rf3 Qc1+ 31. Qf1 Qd2 32. Qd3 Qg5 33. Rf1 Ra7 34. g3 Rc8 35.
Ra1 Rc5 1-0

[Event "CHN Team Men 2016"]
[Site "Wuxi CHN"]
[Date "2016.08.02"]
[Round "7.1"]
[Board "4"]
[White "Zhao, Zhouqiao CHN"]
[Black "Yu, Ruiyuan"]
[Result "1/2-1/2"]
[WhiteTitle "FM"]
[BlackTitle "GM"]
[WhiteElo "2204"]
[BlackElo "2501"]
[WhiteTeam "Tianjing Chunhua"]
[BlackTeam "Jiangsu Lvyang"]
[WhiteFideId "8608342"]
[BlackFideId "8603090"]
[EventDate "2016.07.28"]

1. c4 c6 2. Nf3 d5 3. e3 e6 4. d4 Nd7 5. Nbd2 f5 6. Bd3 Bd6 7. b3 Ngf6 8. cxd5
cxd5 9. Bb2 Ne4 10. O-O O-O 11. Qc1 Qa5 12. a4 Bb4 13. Nb1 Ndf6 14. Ba3 Bd7 15.
Bxb4 Qxb4 16. Qa3 Qxa3 17. Nxa3 Rac8 18. Rfc1 Kf7 19. Kf1 g5 20. Ke1 g4 21. Ng1
Rg8 22. h4 Rc6 23. Ne2 Rgc8 24. Bb5 Rxc1+ 25. Rxc1 Rxc1+ 26. Nxc1 Bxb5 27. Nxb5
a6 28. Na3 Nd7 29. Nd3 Nd6 1/2-1/2

[Event "CHN Team Men 2016"]
[Site "Wuxi CHN"]
[Date "2016.08.02"]
[Round "7.2"]
[Board "2"]
[White "Yu, Yangyi"]
[Black "Zhao, Jun"]
[Result "1-0"]
[WhiteTitle "GM"]
[BlackTitle "GM"]
[WhiteElo "2734"]
[BlackElo "2622"]
[WhiteTeam "Beijing Beiao"]
[BlackTeam "Shandong"]
[WhiteFideId "8603820"]
[BlackFideId "8602522"]
[EventDate "2016.07.28"]

1. d4 Nf6 2. c4 e6 3. g3 c5 4. Nf3 cxd4 5. Nxd4 Bb4+ 6. Nc3 O-O 7. Bg2 d5 8.
cxd5 Nxd5 9. Qb3 Nc6 10. Nxc6 bxc6 11. O-O Qa5 12. Ne4 Ba6 13. Qc2 Rfc8 14. Rd1
h6 15. Bf3 Be7 16. Bd2 Qb6 17. Nc3 Rab8 18. b3 Rd8 19. Na4 Qb5 20. Nb2 c5 21.
Rac1 Bb7 22. Qc4 a6 23. Be1 Ba8 24. h4 Nb6 25. Rxd8+ Rxd8 26. Qxb5 axb5 27. Ba5
Bxf3 28. Bxb6 Rd2 29. exf3 Rxb2 30. Bxc5 Bf6 31. a4 bxa4 32. bxa4 Ra2 33. Rc4
Bd8 34. h5 Kh7 35. Kg2 Ba5 36. f4 g6 37. g4 f5 38. Rd4 fxg4 39. Rd7+ Kg8 40.
hxg6 Rxa4 41. Ra7 Rxf4 42. Rxa5 Kg7 43. Be3 1-0

[Event "CHN Team Men 2016"]
[Site "Wuxi CHN"]
[Date "2016.08.02"]
[Round "7.2"]
[Board "3"]
[White "Wen, Yang"]
[Black "Xiu, Deshun"]
[Result "1-0"]
[WhiteTitle "GM"]
[BlackTitle "GM"]
[WhiteElo "2611"]
[BlackElo "2557"]
[WhiteTeam "Shandong"]
[BlackTeam "Beijing Beiao"]
[WhiteFideId "8602956"]
[BlackFideId "8603693"]
[EventDate "2016.07.28"]

1. d4 d5 2. Nf3 Nf6 3. Bf4 g6 4. e3 Bg7 5. Nbd2 O-O 6. h3 b6 7. c3 Bb7 8. Be2
Nbd7 9. O-O Ne4 10. a4 c5 11. a5 Nxd2 12. Nxd2 e5 13. dxe5 Nxe5 14. Nf3 Re8 15.
Bxe5 Bxe5 16. Bb5 Re6 17. a6 Bc8 18. e4 d4 19. Bc4 Bg7 20. Bxe6 Bxe6 21. cxd4
cxd4 22. Qd3 Qc8 23. Rfc1 Qd7 24. e5 Rd8 25. Rd1 Qc7 26. Rac1 Qb8 27. Qe2 b5 28.
Nxd4 Bc8 29. Nc6 Rxd1+ 30. Qxd1 1-0

[Event "CHN Team Men 2016"]
[Site "Wuxi CHN"]
[Date "2016.08.02"]
[Round "7.2"]
[Board "4"]
[White "An, Yanlong"]
[Black "Liu, Qingnan"]
[Result "0-1"]
[BlackTitle "GM"]
[WhiteElo "2251"]
[BlackElo "2507"]
[WhiteTeam "Beijing Beiao"]
[BlackTeam "Shandong"]
[WhiteFideId "8615675"]
[BlackFideId "8603294"]
[EventDate "2016.07.28"]

1. d4 d5 2. c4 e6 3. Nf3 c6 4. e3 Nd7 5. Bd3 Ngf6 6. O-O Bd6 7. Nc3 dxc4 8. Bxc4
b5 9. Bd3 Bb7 10. b3 a6 11. Bb2 c5 12. Qe2 O-O 13. Rfd1 Qe7 14. Rd2 Rac8 15.
Rad1 cxd4 16. exd4 Nb6 17. Ne5 Rxc3 18. Bxc3 Nbd5 19. Bb2 Nf4 20. Qe3 Nxg2 21.
Qg5 h6 22. Qg3 Nh5 23. Qg4 Ngf4 24. Kf1 Bg2+ 25. Qxg2 Nxg2 26. Kxg2 Nf4+ 27. Kh1
Bxe5 0-1

[Event "CHN Team Men 2016"]
[Site "Wuxi CHN"]
[Date "2016.08.02"]
[Round "7.3"]
[Board "2"]
[White "Lou, Yiping"]
[Black "Xu, Yinglun"]
[Result "1-0"]
[WhiteTitle "IM"]
[WhiteElo "2448"]
[BlackElo "2522"]
[WhiteTeam "Shanghai"]
[BlackTeam "Guangdong"]
[WhiteFideId "8603928"]
[BlackFideId "8604940"]
[EventDate "2016.07.28"]

1. d4 d5 2. c4 e6 3. Nc3 Be7 4. Nf3 Nf6 5. Bf4 O-O 6. e3 b6 7. Be2 c5 8. dxc5
bxc5 9. O-O Bb7 10. cxd5 exd5 11. Rc1 Nbd7 12. Ne5 Nb6 13. a4 a5 14. b3 h6 15.
h3 Nbd7 16. Bf3 Nxe5 17. Bxe5 Ne4 18. Bxe4 dxe4 19. Qg4 f6 20. Rfd1 Qb6 21. Bd6
f5 22. Qg3 Bxd6 23. Rxd6 Qxb3 24. Rxh6 Qf7 25. Nb5 f4 26. exf4 Ba6 27. Rxc5 Bxb5
28. Rxb5 Qxf4 29. Qxf4 Rxf4 30. Rg6 Raf8 31. Rbg5 R8f7 32. Rg4 Rxf2 33. Rxg7+ 1-0